Statistics for Квиз о Уједињеном Краљевству

Click here to take the quiz!

General Stats

  • This quiz has been taken 403 times
    (181 since last reset)
  • The average score is 14 of 24

Answer Stats

ОписОдговор% Correct
Једина држава са којом се УК граничи
(не укључујући прекоморске територије)
Ирска
97%
Главни градови држава изнадЛондон
97%
Четири државе које чине Уједињено КраљевствоЕнглеска
94%
Четири државе које чине Уједињено КраљевствоВелс
94%
Четири државе које чине Уједињено КраљевствоШкотска
91%
Најдужа рекаСеверн
86%
Четири државе које чине Уједињено КраљевствоСеверна Ирска
85%
ВалутаБританска Фунта
84%
Тренутни владарКраљ Чарлс III
79%
Део Атлантског Океана који одваја Велику Британију
од Француске
Ламанш
70%
Најстарији универзитетОксфорд
70%
Главни градови држава изнадЕдинбург
68%
Предграђе на нултом меридијану у којем
се налази Краљевска опсерваторија
Гринич
59%
Држава из које долази највећи број досељеникаИндија
55%
Резиденција владараБакингамска Палата
53%
Главни градови држава изнадБелфаст
52%
Главни градови држава изнадКардиф
51%
ХимнаБоже, чувај краља
39%
Најпрометнији аеродромХитроу
35%
Два дома британског парламентаДом {лордова}
27%
ПремијерРиши Сунак
21%
Највиша планинаБен Невис
8%
Два дома британског парламентаДом {комуна}
5%
Највиша зградаШард
4%

Score Distribution

Percentile by Number Answered

Percent of People with Each Score

Your Score History

You have not taken this quiz since the last reset